00471nam a2200181 a 4500001001300000003000900013005001700022008004100039020001000080082001900090100002000109245003700129260002700166300000900193500003500202505002400237650002800261nice12345678IN_TiNIC20260116014000.0050524s1995 dela grp 000 0 eng  ac35000a305.80954bSAV aSavur, Manorama aContradictions in Indian Society aDelhibRawat Pubc1995 a237p aincludes index and biblioraphy2 aBibliography, Index aIndia-Social Conditions